=LDR 00000nam 2200000 4500 =001 INLIS000000000038744 =005 20130612144415 =008 ***********************************Ind** =035 ##$$0010-061300000038744 =041 ##$$a Ind =082 ##$$a 155.5 =090 ##$$a 155.5, Pon p =100 ##$$a Pontoh, Rudy S =245 ##$$a Pancaran sehat, Tips dan trik buat remaja, Rudy S Pohton =260 ##$$a 2006 $b Jakarta =300 ##$$a 137 hlm, Ilus, 20 cm =650 ##$$a Psikologi Remaja =850 ##$$a NBPNMAT